000 01111nam a2200373 i 4500
001 38195
003 KOSZ 005
005 20211228122938.0
008 001010s2000 pl a f |000 0 pol
020 _a8371971796
040 _cKOSZ 005
_aKOSZ 005
_dKOSZ 005/HR
041 1 _apol
_heng
046 _k1999
080 _a004.438
080 _a(07)
100 1 _aGoofman, Danny
_eAutor
245 1 0 _aJawaScript :
_bksięga eksperta /
_cDanny Goodman ; [tł. Adam Żytka].
246 3 0 _iTyt. oryg.:
_aJavaScript bible
250 _aWyd.3.
260 _aGliwice :
_bHELION,
_c2000.
300 _a1093 s. ;
_c24 cm +
_eCD ROM.
380 _aKsiążki
380 _aPublikacje fachowe
388 _a1901-2000
388 _a1989-2000
500 _aOryg.: "JavaScript bible" 1999.
504 _aIndeks.
650 4 _aJavaScript
655 4 _aPodręcznik
658 _aInformatyka i technologie informacyjne
710 2 _aHelion
_4pbl.
856 _uhttp://koha.tu.koszalin.pl/cgi-bin/koha/opac-detail.pl?biblionumber=38195
_yKatalog online BPK
942 _cKS
_2UKD
999 _c38195
_d38195